Largest U.S. Cities without Public Transport - Statistics

General Stats
  • This quiz has been taken 32 times
  • The average score is 16 of 29
Answer Stats
Population Area % Correct
3,424,560 Tampa, FL
93%
2,940,513 Orlando, FL
90%
2,550,637 Austin, TX
83%
1,760,548 Jacksonville, FL
83%
2,150,553 Nashville, TN
79%
2,763,006 San Antonio, TX
72%
1,339,345 Memphis, TN
66%
2,302,815 Cincinnati, OH
62%
2,225,377 Columbus, OH
62%
2,174,833 Indianapolis, IN
62%
1,574,452 Milwaukee, WI
59%
1,497,821 Oklahoma City, OK
59%
2,253,579 Kansas City
55%
1,394,234 Louisville, KY
55%
1,370,165 Richmond, VA
55%
1,700,901 Providence, RI
52%
2,182,531 Raleigh-Durham, NC
52%
1,192,583 Birmingham, AL
48%
1,160,172 Buffalo, NY
45%
1,794,278 Hampton Roads, VA
45%
1,169,048 Hartford, CT
45%
1,059,803 Tulsa, OK
45%
1,189,557 Fresno, CA
41%
1,001,010 Omaha, NE
34%
1,080,149 Tucson, AZ
34%
1,057,218 Rochester, NY
31%
1,277,192 Southwestern Florida
24%
1,178,826 Grand Rapids, MI
21%
1,514,820 Rio Grande Valley, TX
14%
No matching quizzes found
Score Distribution
Percent of People with Each Score
Percentile by Number Answered
Your Score History
You have not taken this quiz